000 00638nam a2200229Ia 4500
003 OSt
005 20221006165316.0
006 a|||||r|||| 00| 0
007 ta
008 221006b |||||||| |||| 00| 0 hin d
024 _a3,675
037 _cTextual
040 _aFML
_cFML
_bhin
041 _2hin
_ahin
082 _aNR44, 1, P9
100 _aAkankshi Au.
_9679554
245 0 _aPt. Vishnu Narayan Bhathknde Evem Pt. omkarnath thakur ka Sangitik Chintan
260 _aVaranasi
_bManish Prakahsan
_c2009
300 _a200
_ccm.
942 _hNR44, 1, P9
_cTEXL
_2CC
999 _c1120361
_d1120361